|
|
|
|
| LEADER |
00000cam a2200000 a 4500 |
| 001 |
UCD1204 |
| 003 |
CL-VaPUC |
| 005 |
20240923130834.0 |
| 008 |
160114e20090000sp |||||||||||||||||spa|d |
| 999 |
|
|
|c 362600
|d 362598
|
| 020 |
|
|
|a 9788480864343
|
| 040 |
|
|
|c Pontificia Universidad Católica de Valparaíso
|
| 082 |
0 |
4 |
|a 612 KOE 2009
|2 21
|
| 100 |
|
|
|a Koeppen, Bruce M
|9 603090
|
| 245 |
1 |
0 |
|a Berne y Levy Fisiología
|
| 250 |
|
|
|a Sexta edición
|
| 260 |
|
|
|a Barcelona
|b Elsevier
|c 2009
|
| 300 |
|
|
|a 833 páginas
|
| 583 |
|
|
|a last modification
|c 20160114 01:07:00
|k Rodrigo Vera
|
| 650 |
|
7 |
|a Fisiología celular
|x Fisiología humana
|2 CL-VaPUC
|9 584297
|
| 650 |
|
7 |
|a Biología celular
|x Cuerpo humano
|2 CL-VaPUC
|9 329870
|
| 650 |
|
7 |
|a Sistema biológico
|2 CL-VaPUC
|9 329871
|
| 650 |
|
0 |
|a Neurofisiología
|9 329869
|
| 700 |
0 |
|
|a Stanton, Bruce A
|9 584294
|
| 700 |
0 |
|
|a Berne, Robert M
|9 584295
|
| 700 |
|
|
|a Levy, Matthew N
|e author
|9 603088
|
| 942 |
|
|
|c BK
|2 ddc
|
| 945 |
|
|
|d 20160114 01:07:00
|a dcastane
|
| 952 |
|
|
|0 0
|1 0
|2 ddc
|3 erb
|4 0
|6 612_000000000000000_KOE_2009
|7 0
|8 A
|9 473952
|a BIBCUR
|b BIBCUR
|i 5262666
|l 10
|m 1
|o 612 KOE 2009
|p 5262666
|r 2025-04-22
|s 2025-04-04
|t 1
|w 2019-11-24
|y BK
|z Catalogado en:20160114
|k BIO
|
| 952 |
|
|
|0 0
|1 0
|2 ddc
|3 erb
|4 0
|6 612_000000000000000_KOE_2009
|7 0
|8 A
|9 473953
|a BIBCUR
|b BIBCUR
|i 5262658
|l 7
|m 2
|o 612 KOE 2009
|p 5262658
|r 2025-04-22
|s 2025-03-26
|t 2
|w 2019-11-24
|y BK
|z Catalogado en:20160114
|k BIO
|
| 952 |
|
|
|0 0
|1 0
|2 ddc
|3 erb
|4 0
|6 612_000000000000000_KOE_2009
|7 0
|8 A
|9 473954
|a BIBCUR
|b BIBCUR
|i 5262674
|l 8
|m 1
|o 612 KOE 2009
|p 5262674
|r 2025-04-22
|s 2025-03-26
|t 3
|w 2019-11-24
|y BK
|z Catalogado en:20160114
|k BIO
|